Internacional Grafik Triennale Internacional of Graphic Art/ (Record no. 2631)

MARC details
000 -LEADER
campo de control de longitud fija 00697nam a2200205 4500
003 - IDENTIFICADOR DE NÚMERO DE CONTROL
campo de control OSt
005 - FECHA Y HORA DE LA ÚLTIMA TRANSACCIÓN
campo de control 20221116131321.0
008 - DATOS DE LONGITUD FIJA--INFORMACIÓN GENERAL
campo de control de longitud fija 221111b |||||||| |||| 00| 0 eng d
040 ## - FUENTE DE CATALOGACIÓN
Centro/agencia transcriptor Biblioteca Lado V
082 ## - NÚMERO DE LA CLASIFICACIÓN DECIMAL DEWEY
Número de clasificación 700.74
Número de ítem M627i
100 ## - ENTRADA PRINCIPAL--NOMBRE DE PERSONA
9 (RLIN) 419
Nombre de persona Middelhoff, Eva
Término indicativo de función/relación curador
245 ## - MENCIÓN DEL TÍTULO
Título Internacional Grafik Triennale Internacional of Graphic Art/
260 ## - PUBLICACIÓN, DISTRIBUCIÓN, ETC.
Lugar de publicación, distribución, etc. Alemania
Fecha de publicación, distribución, etc. 1990
300 ## - DESCRIPCIÓN FÍSICA
Extensión 204p.
Dimensiones 21x24cm
650 ## - PUNTO DE ACCESO ADICIONAL DE MATERIA--TÉRMINO DE MATERIA
Fuente del encabezamiento o término Tesauro de Arte & Arquitectura
Término de materia o nombre geográfico como elemento de entrada TRIENAL
650 ## - PUNTO DE ACCESO ADICIONAL DE MATERIA--TÉRMINO DE MATERIA
Fuente del encabezamiento o término Tesauro de Arte & Arquitectura
Término de materia o nombre geográfico como elemento de entrada ARTE
650 ## - PUNTO DE ACCESO ADICIONAL DE MATERIA--TÉRMINO DE MATERIA
Fuente del encabezamiento o término Tesauro de Arte & Arquitectura
Término de materia o nombre geográfico como elemento de entrada ARTE GRAFICO
650 ## - PUNTO DE ACCESO ADICIONAL DE MATERIA--TÉRMINO DE MATERIA
Fuente del encabezamiento o término Tesauro de Arte & Arquitectura
Término de materia o nombre geográfico como elemento de entrada EXHIBITION
942 ## - ELEMENTOS DE ENTRADA SECUNDARIOS (KOHA)
Fuente del sistema de clasificación o colocación Clasificación Decimal Dewey
Tipo de ítem Koha Libros
Parte de la signatura que corresponde a la clasificación (Parte de la clasificación) 700.74
Parte de la signatura que identifica el ejemplar (Parte del ítem) M627i
Suprimir en OPAC No
Holdings
Estatus retirado Estado de pérdida Fuente del sistema de clasificación o colocación Estado de daño No para préstamo Biblioteca de origen Biblioteca actual Fecha de adquisición Número de inventario Total de préstamos Signatura topográfica completa Código de barras Visto por última vez Precio de reemplazo Tipo de ítem Koha
    Clasificación Decimal Dewey     Biblioteca LadoV Biblioteca LadoV 16/11/2022 001875   700.74 M627i 001875 16/11/2022 16/11/2022 Libros